Statistics for Fast Food Resturants

Click here to take the quiz!

General Stats

  • This quiz has been taken 274 times
  • The average score is 6 of 16

Answer Stats

HintAnswer% Correct
the kingBurger King
83%
dqDairy Queen
72%
Ben &Ben & Jerry's
70%
famous for its rootbeerA&W Resturants
54%
famous pretzel from your "aunt"Auntie Anne's
40%
31 original flavorsBaskin Robbins
40%
has a slogan about being your neighborhoods pubApplebee's
38%
has a hat logoArby's
38%
the jrCarl's Jr.
30%
mexican grillChipotle
28%
where a kid can be a kid!Chuck E Cheese's
25%
babyback ribChili's
19%
frozen rock creameryColdstone Creamery
18%
Bob_______Bob Evans
17%
ice creamCarvel
1%
italian grillCarrabba's Italian Grill
0%

Score Distribution

Percentile by Number Answered

Percent of People with Each Score

Your Score History

You have not taken this quiz